| 000 | 00350nam a22001577a 4500 | ||
|---|---|---|---|
| 003 | SGT | ||
| 020 | _a978-93-5270-499-6 | ||
| 082 |
_a615.1 _bE19T |
||
| 100 | _aTRIPATHI,KD | ||
| 245 | _aESSENTIALS OF MEDICAL PHARMACOLOGY | ||
| 250 | _a8TH | ||
| 260 |
_aNEW ELHI _bJAYPEE PUB _c2019 |
||
| 300 | _a1064 | ||
| 650 | _aPHARMACY | ||
| 942 |
_2ddc _cBK _0394 |
||
| 999 |
_c20496 _d20496 |
||